[Event "Agneaux St Lo op 09th"]
[Site "Agneaux"]
[Date "2005.02.18"]
[Round "5"]
[White "Dumitrache, Dragos Nicolae"]
[Black "Wauquier, Mathieu"]
[Result "1-0"]
[WhiteElo "2465"]
[BlackElo "2020"]
[PlyCount "63"]
[EventDate "2005.02.16"]
[EventType "swiss"]
[EventRounds "6"]
[EventCountry "FRA"]
[SourceTitle "EXT 2006"]
[Source "ChessBase"]
[SourceDate "2005.11.24"]
[SourceVersion "1"]
[SourceVersionDate "2005.11.24"]
[SourceQuality "1"]

1. d4 d5 2. c4 e6 3. Nf3 Nf6 4. Nc3 c6 5. e3 Bd6 6. Bd3 Nbd7 7. 0-0 0-0 8. e4 dxc4 9. Bxc4 e5 10. Bg5 exd4 11. Qxd4 Bc5 12. Qd2 Qc7 13. Bf4 Qb6 14. e5 Nh5 15. Rae1 Nxf4 16. Qxf4 Qc7 17. Ng5 Nb6 18. Qe4 g6 19. e6 Nxc4 20. Qxc4 Be7 21. Nd5 cxd5 22. Qxc7 Bxg5 23. exf7+ Rxf7 24. Re8+ Kg7 25. Qe5+ Bf6 26. Qxd5 Bxb2 27. Qc4 b5 28. Qc2 Bd4 29. Rxc8 Rxc8 30. Qxc8 b4 31. g3 Bc3 32. Rd1 1-0

[Event "Paris Apsap op 47th"]
[Site "Paris"]
[Date "2003.??.??"]
[Round "7"]
[White "Vlahovic, Dimitri"]
[Black "Wauquier, Mathieu"]
[Result "1-0"]
[WhiteElo "1840"]
[BlackElo "2000"]
[PlyCount "89"]
[EventDate "2003.??.??"]
[EventType "swiss"]
[EventRounds "7"]
[EventCountry "FRA"]
[SourceTitle "EXT 2008"]
[Source "ChessBase"]
[SourceDate "2007.11.25"]
[SourceVersion "1"]
[SourceVersionDate "2007.11.25"]
[SourceQuality "1"]

1. e4 c5 2. Nc3 Nc6 3. g3 g6 4. Bg2 Bg7 5. d3 Nf6 6. f4 d6 7. Nf3 0-0 8. 0-0 Bg4 9. h3 Bxf3 10. Rxf3 Nd4 11. Rf1 Rb8 12. Ne2 Nc6 13. Rb1 Qc7 14. Be3 b5 15. e5 dxe5 16. Bxc6 Qxc6 17. fxe5 Nd5 18. Bf4 Rbd8 19. c3 Bxe5 20. Bh6 Bg7 21. Bg5 Qe6 22. Kh2 Ne3 23. Bxe3 Qxe3 24. Nf4 e5 25. Rf3 Qxf3 26. Qxf3 exf4 27. gxf4 Rd6 28. Kg2 Rfd8 29. Rd1 b4 30. cxb4 cxb4 31. Qb7 a5 32. a3 bxa3 33. bxa3 Rd5 34. a4 Bc3 35. Qc7 Bb4 36. h4 R8d7 37. Qc8+ Rd8 38. Qg4 h5 39. Qf3 Rd4 40. f5 Rxh4 41. fxg6 Rg4+ 42. Kh3 fxg6 43. d4 Rdxd4 44. Rxd4 Rxd4 45. Qa8+ 1-0

[Event "FRA-chT3 01"]
[Site "France"]
[Date "2000.10.15"]
[Round "1"]
[White "Wauquier, Mathieu"]
[Black "Floc'h, Romain"]
[Result "1/2-1/2"]
[WhiteElo "1740"]
[BlackElo "1790"]
[PlyCount "84"]
[EventDate "2001.??.??"]
[EventType "team"]
[EventRounds "9"]
[EventCountry "FRA"]
[SourceTitle "EXT 2002"]
[Source "ChessBase"]
[SourceDate "2001.11.25"]
[SourceVersion "1"]
[SourceVersionDate "2001.11.25"]
[SourceQuality "1"]
[WhiteTeam "Equeurdreville"]
[BlackTeam "Suce sur Erdre"]
[WhiteTeamCountry "FRA"]
[BlackTeamCountry "FRA"]

1. Nf3 c5 2. c4 Nc6 3. Nc3 g6 4. g3 Bg7 5. Bg2 Nf6 6. 0-0 0-0 7. d4 cxd4 8. Nxd4 Nxd4 9. Qxd4 d6 10. e4 Nd7 11. Qe3 Ne5 12. b3 Nc6 13. Bb2 Bd7 14. Rfd1 Re8 15. Qd2 Qa5 16. Nd5 Qxd2 17. Rxd2 Bxb2 18. Rxb2 Rac8 19. f3 Be6 20. Nc3 f5 21. f4 fxe4 22. Bxe4 Bf5 23. Bxc6 Rxc6 24. Re2 Kf7 25. Rae1 e6 26. Kg2 a6 27. Re3 Rd8 28. h3 h5 29. Ne4 Bxe4+ 30. Rxe4 d5 31. Rd1 Rcd6 32. Red4 Ke7 33. cxd5 Rxd5 34. Rxd5 exd5 35. Kf3 Kd6 36. g4 hxg4+ 37. hxg4 Rc8 38. f5 gxf5 39. gxf5 Ke5 40. Re1+ Kd4 41. Rd1+ Ke5 42. Re1+ Kd4 1/2-1/2